Rosh HaShanah and the Messianic Kingdom to come : (Record no. 5345)
[ view plain ]
| 000 -LEADER | |
|---|---|
| fixed length control field | 01170cam a2200289Ia 4500 |
| 001 - CONTROL NUMBER | |
| control field | 22495871 |
| 003 - CONTROL NUMBER IDENTIFIER | |
| control field | OCoLC |
| 005 - DATE AND TIME OF LATEST TRANSACTION | |
| control field | 20190103150354.0 |
| 008 - FIXED-LENGTH DATA ELEMENTS--GENERAL INFORMATION | |
| fixed length control field | 901011s1989 txu b 000 0 eng d |
| 020 ## - INTERNATIONAL STANDARD BOOK NUMBER | |
| International Standard Book Number | 0962485802 |
| 020 ## - INTERNATIONAL STANDARD BOOK NUMBER | |
| International Standard Book Number | 9780962485800 |
| 035 ## - SYSTEM CONTROL NUMBER | |
| System control number | (OCoLC)22495871 |
| 040 ## - CATALOGING SOURCE | |
| Original cataloging agency | BIB |
| Transcribing agency | BIB |
| Modifying agency | BAKER |
| -- | HNW |
| -- | DAY |
| 082 ## - DEWEY DECIMAL CLASSIFICATION NUMBER | |
| Classification number | 296.4 |
| Item number | G646R |
| 090 ## - LOCALLY ASSIGNED LC-TYPE CALL NUMBER (OCLC); LOCAL CALL NUMBER (RLIN) | |
| Classification number (OCLC) (R) ; Classification number, CALL (RLIN) (NR) | BM695.N5 |
| Local cutter number (OCLC) ; Book number/undivided call number, CALL (RLIN) | G66 1989 |
| 092 ## - LOCALLY ASSIGNED DEWEY CALL NUMBER (OCLC) | |
| Classification number | 296.4 |
| 100 1# - MAIN ENTRY--PERSONAL NAME | |
| Personal name | Good, Joseph. |
| 245 10 - TITLE STATEMENT | |
| Title | Rosh HaShanah and the Messianic Kingdom to come : |
| Remainder of title | a Messianic Jewish interpretation of the Feast of Trumpets / |
| Statement of responsibility, etc. | by Joseph Good. |
| 260 ## - PUBLICATION, DISTRIBUTION, ETC. | |
| Place of publication, distribution, etc. | Port Arthur, TX : |
| Name of publisher, distributor, etc. | Hatikva Ministries, |
| Date of publication, distribution, etc. | c1989. |
| 300 ## - PHYSICAL DESCRIPTION | |
| Extent | 197 p. ; |
| Dimensions | 22 cm. |
| 504 ## - BIBLIOGRAPHY, ETC. NOTE | |
| Bibliography, etc. note | Includes bibliographical references (p. 189-194). |
| 505 0# - FORMATTED CONTENTS NOTE | |
| Formatted contents note | The dual concept of the Messiah -- The chosen people -- The festivals -- The two calendars -- The seven thousand year plan of G-d -- Yom Teruah - Rosh HaShanah -- Teshuvah -- The day of the L-rd -- Two theaters -- The natzal and ressurection -- The coronation -- The wedding of the Messiah. |
| 650 #0 - SUBJECT ADDED ENTRY--TOPICAL TERM | |
| Topical term or geographic name entry element | Rosh ha-Shanah. |
| 650 #0 - SUBJECT ADDED ENTRY--TOPICAL TERM | |
| Topical term or geographic name entry element | Fasts and feasts |
| General subdivision | Judaism. |
| 650 #0 - SUBJECT ADDED ENTRY--TOPICAL TERM | |
| Topical term or geographic name entry element | Judaism |
| General subdivision | Doctrines. |
| 942 ## - ADDED ENTRY ELEMENTS (KOHA) | |
| Source of classification or shelving scheme | Dewey Decimal Classification |
| Koha item type | Books |
| Withdrawn status | Lost status | Source of classification or shelving scheme | Damaged status | Not for loan | Collection code | Home library | Current library | Shelving location | Date acquired | Cost, normal purchase price | Total Checkouts | Full call number | Barcode | Date last seen | Price effective from | Koha item type |
|---|---|---|---|---|---|---|---|---|---|---|---|---|---|---|---|---|
| Dewey Decimal Classification | Non-fiction | Harvest Mission College | Harvest Mission College | General Stacks | 03.01.2019 | 540.00 | 296.4 G646R | 006146 | 03.01.2019 | 03.01.2019 | Books |
